[Event "RUS-chT Rapid Men 2018"]
[Site "Sochi"]
[Date "2018.10.08"]
[Round "4"]
[White "Uzhva, Andrey"]
[Black "Pogromsky, Mikhail"]
[Result "0-1"]
[WhiteElo "2270"]
[BlackElo "2415"]
[Annotator "TA"]
[PlyCount "96"]
[EventDate "2018.10.05"]
[EventType "swiss"]
[EventCountry "RUS"]
[SourceTitle "playchess.com"]
[Source "ChessBase"]
[SourceQuality "1"]

{[%evp 15,96,-8,-11,-23,-8,-26,0,-26,-12,-34,-10,-32,-26,-52,-45,-49,-39,-83,-59,-153,-35,-96,-49,-56,-72,-62,-74,-133,-140,-193,-176,-258,-75,-109,0,0,0,-125,-157,-134,0,-804,-804,-804,-793,-782,-741,-883,-835,-1031,-837,-1048,-1041,-1035,-993,-949,-913,-1128,-1120,-1199,-1153,-1089,-1014,-12846,-12233,-29950,-29953,-29958,-29958,-29948,-29952,-12796,-12795,-12796,-12793,-29969,-29968,-29984,-29973,-29984,-29985,-29990,-29990]} 1. Nf3 Nf6 2. g3 b6 3. Bg2 Bb7 4. c4 g6 5. b3 Bg7 6. Bb2 O-O 7. O-O c5 8. d3 d5 {LiveBook: 20 Games} 9. Nbd2 {A30: Symmetrical English: Double Fianchetto and Hedgehog} (9. cxd5 Qxd5 10. Nc3 Qd7 11. d4 cxd4 12. Qxd4 Qxd4 13. Nxd4 Bxg2 14. Kxg2 Rc8 15. Rfd1 Nc6 16. Nxc6 Rxc6 {½-½ (36) Kamsky,G (2676)-Moussard,J (2567) Bastia 2017}) 9... d4 10. b4 Nfd7 $146 ({Predecessor:} 10... Ng4 11. bxc5 bxc5 {1-0 (19) Huss,B (2136)-Baumann,H (1880) Graechen 2013}) 11. Nb3 {The position is equal.} e5 12. bxc5 bxc5 13. Ba3 Qc7 14. Rb1 {And now Nxc5! would win.} Na6 15. Qd2 Rab8 16. Rb2 e4 17. Ng5 {[#]} (17. Nfxd4 $15 cxd4 18. Bxf8 Rxf8 19. dxe4) 17... e3 (17... exd3 $1 $17 {aiming for ...Bxg2.} 18. exd3 Bxg2 19. Kxg2 Qc6+ 20. f3 Bh6) 18. fxe3 (18. Qa5 $15 Qxa5 19. Nxa5 exf2+ 20. Kxf2 Bxg2 21. Rxb8 Rxb8 22. Kxg2) 18... Bh6 19. exd4 {Qf4 is the strong threat.} Bxg2 20. Kxg2 f6 21. Qe3 ({White should play} 21. h4) 21... Rfe8 $36 {[%mdl 2048] Keeping White busy.} 22. Qf3 (22. Ne6 $17 Bxe3 23. Nxc7 Nxc7 24. dxc5) 22... Bxg5 $19 23. dxc5 (23. Rc2 $142) 23... Naxc5 $2 (23... Rbd8 $19 {is more deadly. Threatens to win with ...Ne5.} 24. Qd5+ Kh8) 24. Qd5+ Kg7 (24... Kh8 $17 {Hoping for ...Re5.} 25. Nxc5 Rxb2 26. Bxb2 Qxc5 27. Qxc5 Nxc5) 25. Nxc5 $11 Rxb2 26. Ne6+ {[#]} (26. Bxb2 $11 {was the only way to keep the balance.} Nxc5 27. Qxg5 Qb7+ 28. Kg1 Qxb2 29. Qxc5 Rxe2 30. Qxa7+ Kh6 31. Qa8) 26... Rxe6 $1 $17 27. Qxe6 {[#]} Nc5 ({But not} 27... Rxa2 $6 28. h4 $15) (27... Qb7+ $1 $17 28. Kf2 Rxa2) 28. Qe8 $2 {[%mdl 8192]} (28. Bxc5 $11 Qxc5 29. h4) 28... Rb8 $19 29. Qxb8 Qxb8 30. Bxc5 Qe5 31. Bxa7 Qxe2+ 32. Kg1 Qxd3 33. Bf2 Qxc4 34. a3 Qc3 35. a4 Qa3 36. Kg2 Qxa4 37. Re1 Qc6+ 38. Kg1 Kf7 39. Re2 Qf3 40. Re1 Bd2 41. Rf1 Be3 42. Bxe3 Qxe3+ {[%mdl 4096] Endgame KQ-KR} 43. Kg2 f5 44. Rf2 Kf6 45. h3 Ke5 {Black mates.} 46. Rf1 Ke4 47. Rf2 g5 48. Rf1 h5 {Precision: White = 22%, Black = 32%.} 0-1

[Event "RUS-chT Rapid Men 2018"]
[Site "Sochi"]
[Date "2018.10.08"]
[Round "4"]
[White "Kozak, Alexander"]
[Black "Kretov, Evgenij"]
[Result "1/2-1/2"]
[WhiteElo "2262"]
[BlackElo "2219"]
[Annotator "NA"]
[PlyCount "123"]
[EventDate "2018.10.05"]
[EventType "swiss"]
[EventCountry "RUS"]
[SourceTitle "playchess.com"]
[Source "ChessBase"]
[SourceQuality "1"]
[TimeControl "900+10"]

1. e4 {[%emt 0:00:00]} c5 {[%emt 0:00:00]} 2. c3 {[%emt 0:00:00]} d5 {[%emt 0:00:00]} 3. exd5 {[%emt 0:00:00]} Qxd5 {[%emt 0:00:00]} 4. d4 {[%emt 0:00:00]} g6 {[%emt 0:00:00]} 5. Nf3 {[%emt 0:00:00]} Bg7 {[%emt 0:00:00]} 6. Na3 {[%emt 0:00:00]} cxd4 {[%emt 0:00:13]} 7. Bc4 {[%emt 0:00:00]} Qd8 {[%emt 0:00:29]} 8. Qb3 {[%emt 0:00:44]} e6 {[%emt 0:00:19]} 9. Nb5 {[%emt 0:00:51]} a6 {[%emt 0:00:38]} 10. Nbxd4 {[%emt 0:00:06]} Ne7 {[%emt 0:00:17]} 11. O-O {[%emt 0:00:26]} Nbc6 {[%emt 0:00:17]} 12. Nxc6 {[%emt 0:00:26]} Nxc6 {[%emt 0:00:03]} 13. Bg5 {[%emt 0:00:01]} Qc7 {[%emt 0:00:15]} 14. Qa3 {[%emt 0:00:24]} h6 {[%emt 0:02:33]} 15. Bh4 {[%emt 0:00:04]} Bf8 {[%emt 0:02:17]} 16. Qa4 {[%emt 0:00:38]} Bd7 {[%emt 0:00:56]} 17. Bf6 {[%emt 0:00:34]} Rg8 {[%emt 0:01:13]} 18. Qc2 {[%emt 0:01:21]} Be7 {[%emt 0:00:09]} 19. Bxe7 {[%emt 0:00:16]} Nxe7 {[%emt 0:00:02]} 20. Qe2 {[%emt 0:00:16]} Nc6 {[%emt 0:00:23]} 21. Rad1 {[%emt 0:00:43]} O-O-O {[%emt 0:00:35]} 22. b4 {[%emt 0:00:34]} g5 {[%emt 0:00:14]} 23. b5 {[%emt 0:01:08]} axb5 {[%emt 0:00:04]} 24. Bxb5 {[%emt 0:00:02]} g4 {[%emt 0:00:12]} 25. Nd4 {[%emt 0:00:06]} Nxd4 {[%emt 0:00:42]} 26. cxd4 {[%emt 0:00:19]} Bxb5 {[%emt 0:00:04]} 27. Qxb5 {[%emt 0:00:03]} Rg5 {[%emt 0:00:05]} 28. Qe2 {[%emt 0:00:15]} Kb8 {[%emt 0:00:47]} 29. Rc1 {[%emt 0:01:48]} Qd6 {[%emt 0:00:20]} 30. Rc4 {[%emt 0:00:20]} Rc8 {[%emt 0:00:33]} 31. Rxc8+ {[%emt 0:00:27]} Kxc8 {[%emt 0:00:01]} 32. Rc1+ {[%emt 0:00:01]} Kb8 {[%emt 0:00:12]} 33. Qe4 {[%emt 0:01:13]} h5 {[%emt 0:00:56]} 34. Rb1 {[%emt 0:00:20]} Rd5 {[%emt 0:00:08]} 35. g3 {[%emt 0:01:42]} Qc7 {[%emt 0:00:15]} 36. Kg2 {[%emt 0:01:18]} Ka7 {[%emt 0:00:21]} 37. h3 {[%emt 0:00:13]} gxh3+ {[%emt 0:00:28]} 38. Kxh3 {[%emt 0:00:31]} Qc3 {[%emt 0:00:13]} 39. Rd1 {[%emt 0:00:10]} Qb2 {[%emt 0:00:17]} 40. Qe1 {[%emt 0:00:34]} Rf5 {[%emt 0:01:03]} 41. Kg2 {[%emt 0:00:02]} Qc2 {[%emt 0:00:23]} 42. Rd2 {[%emt 0:00:09]} Qc6+ {[%emt 0:00:03]} 43. Kg1 {[%emt 0:00:06]} Qd5 {[%emt 0:01:06]} 44. Qc1 {[%emt 0:00:32]} Rf3 {[%emt 0:00:17]} 45. Qc7 {[%emt 0:01:00]} f5 {[%emt 0:00:58]} 46. a4 {[%emt 0:00:10]} Ra3 {[%emt 0:00:20]} 47. Kh2 {[%emt 0:00:30]} Rxa4 {[%emt 0:00:24]} 48. Rd1 {[%emt 0:00:37]} Ra2 {[%emt 0:00:18]} 49. Kg1 {[%emt 0:00:08]} Qa5 {[%emt 0:00:22]} 50. Qc1 {[%emt 0:00:16]} Ra4 {[%emt 0:00:41]} 51. Qb2 {[%emt 0:00:23]} Qd5 {[%emt 0:00:15]} 52. Rd2 {[%emt 0:00:23]} Ra6 {[%emt 0:00:16]} 53. Rd1 {[%emt 0:00:20]} h4 {[%emt 0:00:18]} 54. gxh4 {[%emt 0:00:39]} e5 {[%emt 0:00:01]} 55. h5 {[%emt 0:00:10]} Qf3 {[%emt 0:00:13]} 56. Rb1 {[%emt 0:00:19]} Qg4+ {[%emt 0:00:27]} 57. Kf1 {[%emt 0:00:02]} Qh3+ {[%emt 0:00:01]} 58. Kg1 {[%emt 0:00:10]} Qg4+ {[%emt 0:00:05]} 59. Kf1 {[%emt 0:00:01]} Qh3+ {[%emt 0:00:31]} 60. Kg1 {[%emt 0:00:01]} Qg4+ {[%emt 0:00:09]} 61. Kf1 {[%emt 0:00:01]} Qh3+ {[%emt 0:00:00]} 62. Kg1 {[%emt 0:00:01]} 1/2-1/2

[Event "RUS-chT Rapid Men 2018"]
[Site "Sochi"]
[Date "2018.10.08"]
[Round "4"]
[White "Kostin, Alexey"]
[Black "Rozhko, Dmitry"]
[Result "1-0"]
[WhiteElo "2253"]
[BlackElo "2305"]
[Annotator "NA"]
[PlyCount "101"]
[EventDate "2018.10.05"]
[EventType "swiss"]
[EventCountry "RUS"]
[SourceTitle "playchess.com"]
[Source "ChessBase"]
[SourceQuality "1"]
[TimeControl "900+10"]

1. e4 {[%emt 0:00:00]} e6 {[%emt 0:00:00]} 2. d3 {[%emt 0:00:00]} d5 {[%emt 0:00:00]} 3. Nd2 {[%emt 0:00:00]} Nf6 {[%emt 0:00:00]} 4. Ngf3 {[%emt 0:00:00]} dxe4 {[%emt 0:00:03]} 5. dxe4 {[%emt 0:00:01]} b6 {[%emt 0:00:01]} 6. Bb5+ {[%emt 0:00:13]} c6 {[%emt 0:00:09]} 7. Be2 {[%emt 0:00:04]} Be7 {[%emt 0:00:11]} 8. O-O {[%emt 0:00:07]} O-O {[%emt 0:00:01]} 9. e5 {[%emt 0:00:21]} Nd5 {[%emt 0:00:25]} 10. Ne4 {[%emt 0:00:08]} Ba6 {[%emt 0:00:38]} 11. c4 {[%emt 0:00:13]} Nc7 {[%emt 0:00:37]} 12. Qc2 {[%emt 0:00:07]} Nd7 {[%emt 0:01:20]} 13. Rd1 {[%emt 0:00:37]} Qc8 {[%emt 0:01:24]} 14. Bg5 {[%emt 0:00:11]} f6 {[%emt 0:00:47]} 15. Bh4 {[%emt 0:00:19]} Qe8 {[%emt 0:01:05]} 16. Nd6 {[%emt 0:00:38]} Qg6 {[%emt 0:00:24]} 17. Bd3 {[%emt 0:00:17]} Qh6 {[%emt 0:00:12]} 18. Be4 {[%emt 0:00:10]} Nxe5 {[%emt 0:00:59]} 19. Nxe5 {[%emt 0:00:13]} Qxh4 {[%emt 0:00:06]} 20. Nxc6 {[%emt 0:00:53]} Bxd6 {[%emt 0:00:25]} 21. Rxd6 {[%emt 0:00:05]} f5 {[%emt 0:00:07]} 22. Bf3 {[%emt 0:00:30]} Qxc4 {[%emt 0:00:57]} 23. Qxc4 {[%emt 0:00:46]} Bxc4 {[%emt 0:00:01]} 24. Ne7+ {[%emt 0:00:06]} Kf7 {[%emt 0:00:28]} 25. Bxa8 {[%emt 0:01:52]} Kxe7 {[%emt 0:00:38]} 26. Rc6 {[%emt 0:00:03]} Nd5 {[%emt 0:00:14]} 27. Rxc4 {[%emt 0:00:22]} Rxa8 {[%emt 0:00:01]} 28. f4 {[%emt 0:00:21]} h6 {[%emt 0:00:18]} 29. Kf2 {[%emt 0:00:14]} g5 {[%emt 0:00:01]} 30. g3 {[%emt 0:00:03]} Kd6 {[%emt 0:00:06]} 31. Re1 {[%emt 0:00:25]} b5 {[%emt 0:00:13]} 32. Rd4 {[%emt 0:00:09]} Rc8 {[%emt 0:00:10]} 33. a4 {[%emt 0:00:18]} b4 {[%emt 0:00:15]} 34. Rd2 {[%emt 0:00:38]} gxf4 {[%emt 0:00:19]} 35. gxf4 {[%emt 0:00:02]} Rc4 {[%emt 0:00:08]} 36. Kg3 {[%emt 0:00:24]} b3 {[%emt 0:00:20]} 37. a5 {[%emt 0:00:28]} Ra4 {[%emt 0:00:24]} 38. Re3 {[%emt 0:00:08]} Rxa5 {[%emt 0:00:09]} 39. Rxb3 {[%emt 0:00:08]} Ra4 {[%emt 0:00:10]} 40. Rb7 {[%emt 0:01:18]} Kc6 {[%emt 0:00:20]} 41. Rh7 {[%emt 0:00:04]} Nxf4 {[%emt 0:00:17]} 42. Rxh6 {[%emt 0:00:07]} Re4 {[%emt 0:00:03]} 43. h4 {[%emt 0:01:14]} Nd5 {[%emt 0:00:43]} 44. h5 {[%emt 0:00:30]} Rg4+ {[%emt 0:00:07]} 45. Kf2 {[%emt 0:00:41]} Rf4+ {[%emt 0:00:08]} 46. Ke1 {[%emt 0:00:07]} Kd6 {[%emt 0:00:28]} 47. Re2 {[%emt 0:00:18]} Nc7 {[%emt 0:00:11]} 48. Rh8 {[%emt 0:00:32]} Rh4 {[%emt 0:00:04]} 49. h6 {[%emt 0:00:11]} Ke7 {[%emt 0:02:29]} 50. h7 {[%emt 0:00:14]} Ne8 {[%emt 0:01:13]} 51. Rxe6+ {[%emt 0:00:05]} 1-0

[Event "RUS-chT Rapid Men 2018"]
[Site "Sochi"]
[Date "2018.10.08"]
[Round "4"]
[White "Shkurkin, Andrey"]
[Black "Dilmukhametov, Artur"]
[Result "1/2-1/2"]
[WhiteElo "2201"]
[BlackElo "2353"]
[Annotator "NA"]
[PlyCount "61"]
[EventDate "2018.10.05"]
[EventType "swiss"]
[EventCountry "RUS"]
[SourceTitle "playchess.com"]
[Source "ChessBase"]
[SourceQuality "1"]
[TimeControl "900+10"]

1. d4 {[%emt 0:00:00]} d5 {[%emt 0:00:00]} 2. c4 {[%emt 0:00:00]} c6 {[%emt 0:00:00]} 3. cxd5 {[%emt 0:00:04]} cxd5 {[%emt 0:00:00]} 4. Bf4 {[%emt 0:00:04]} Nc6 {[%emt 0:00:01]} 5. e3 {[%emt 0:00:01]} Nf6 {[%emt 0:00:03]} 6. Nc3 {[%emt 0:00:03]} e6 {[%emt 0:00:12]} 7. Bd3 {[%emt 0:00:12]} Be7 {[%emt 0:00:06]} 8. Rc1 {[%emt 0:00:35]} Bd7 {[%emt 0:00:09]} 9. h3 {[%emt 0:00:20]} Rc8 {[%emt 0:00:22]} 10. Nf3 {[%emt 0:00:18]} O-O {[%emt 0:01:20]} 11. O-O {[%emt 0:00:07]} Na5 {[%emt 0:00:11]} 12. Ne5 {[%emt 0:01:24]} Nc4 {[%emt 0:00:24]} 13. Qe2 {[%emt 0:00:50]} Nxe5 {[%emt 0:03:06]} 14. dxe5 {[%emt 0:02:36]} Ne8 {[%emt 0:00:08]} 15. Nb5 {[%emt 0:02:20]} Bxb5 {[%emt 0:01:31]} 16. Bxb5 {[%emt 0:00:10]} Nc7 {[%emt 0:00:57]} 17. Bd3 {[%emt 0:00:14]} Na8 {[%emt 0:00:02]} 18. e4 {[%emt 0:03:23]} Rxc1 {[%emt 0:00:56]} 19. Rxc1 {[%emt 0:00:06]} Nb6 {[%emt 0:00:22]} 20. Qc2 {[%emt 0:00:38]} Bg5 {[%emt 0:01:08]} 21. Bxg5 {[%emt 0:01:46]} Qxg5 {[%emt 0:00:02]} 22. exd5 {[%emt 0:00:12]} Nxd5 {[%emt 0:00:07]} 23. Bxh7+ {[%emt 0:00:18]} Kh8 {[%emt 0:00:01]} 24. Be4 {[%emt 0:01:08]} Nf4 {[%emt 0:01:57]} 25. Kh1 {[%emt 0:00:22]} Qxe5 {[%emt 0:01:36]} 26. Bxb7 {[%emt 0:00:26]} Rd8 {[%emt 0:01:30]} 27. Qc7 {[%emt 0:01:20]} Qg5 {[%emt 0:00:02]} 28. Qxd8+ {[%emt 0:00:11]} Qxd8 {[%emt 0:00:01]} 29. Rc8 {[%emt 0:00:02]} Qxc8 {[%emt 0:00:01]} 30. Bxc8 {[%emt 0:00:01]} Nd3 {[%emt 0:00:01]} 31. Kg1 {[%emt 0:00:46]} 1/2-1/2

[Event "RUS-chT Rapid Men 2018"]
[Site "Sochi"]
[Date "2018.10.08"]
[Round "4"]
[White "Pervakov, Sergey"]
[Black "Terzyan, Nazar"]
[Result "1/2-1/2"]
[WhiteElo "2098"]
[BlackElo "1757"]
[Annotator "NA"]
[PlyCount "89"]
[EventDate "2018.10.05"]
[EventType "swiss"]
[EventCountry "RUS"]
[SourceTitle "playchess.com"]
[Source "ChessBase"]
[SourceQuality "1"]
[TimeControl "900+10"]

1. e4 {[%emt 0:00:00]} c5 {[%emt 0:00:00]} 2. a3 {[%emt 0:00:00]} e6 {[%emt 0:00:00]} 3. b4 {[%emt 0:00:00]} d5 {[%emt 0:00:02]} 4. exd5 {[%emt 0:00:29]} Qxd5 {[%emt 0:00:02]} 5. Nc3 {[%emt 0:00:34]} Qd8 {[%emt 0:00:45]} 6. bxc5 {[%emt 0:01:59]} Bxc5 {[%emt 0:00:19]} 7. Nf3 {[%emt 0:00:11]} Nc6 {[%emt 0:00:00]} 8. Ne4 {[%emt 0:01:31]} Be7 {[%emt 0:00:10]} 9. Bb2 {[%emt 0:00:19]} Nf6 {[%emt 0:00:05]} 10. Bd3 {[%emt 0:01:25]} O-O {[%emt 0:00:23]} 11. Qe2 {[%emt 0:00:06]} Nd5 {[%emt 0:00:40]} 12. g3 {[%emt 0:03:15]} b6 {[%emt 0:00:08]} 13. O-O {[%emt 0:00:27]} Bb7 {[%emt 0:00:02]} 14. Ba6 {[%emt 0:00:18]} Bxa6 {[%emt 0:00:17]} 15. Qxa6 {[%emt 0:00:02]} Nf6 {[%emt 0:00:08]} 16. Qe2 {[%emt 0:00:29]} Rc8 {[%emt 0:00:09]} 17. d3 {[%emt 0:00:46]} Nxe4 {[%emt 0:00:29]} 18. Qxe4 {[%emt 0:00:31]} Bf6 {[%emt 0:00:04]} 19. Bxf6 {[%emt 0:00:55]} Qxf6 {[%emt 0:00:04]} 20. Rfe1 {[%emt 0:01:39]} Rfd8 {[%emt 0:00:14]} 21. Rab1 {[%emt 0:00:13]} h6 {[%emt 0:00:06]} 22. Kg2 {[%emt 0:00:23]} Nd4 {[%emt 0:00:06]} 23. Nxd4 {[%emt 0:00:28]} Qxd4 {[%emt 0:00:02]} 24. Qxd4 {[%emt 0:00:54]} Rxd4 {[%emt 0:00:02]} 25. Rb2 {[%emt 0:00:23]} Rc3 {[%emt 0:01:01]} 26. Ra2 {[%emt 0:00:02]} Ra4 {[%emt 0:00:07]} 27. Rea1 {[%emt 0:00:34]} Ra5 {[%emt 0:00:03]} 28. a4 {[%emt 0:00:31]} Rac5 {[%emt 0:00:58]} 29. a5 {[%emt 0:00:03]} Rxc2 {[%emt 0:00:02]} 30. axb6 {[%emt 0:00:41]} Rxa2 {[%emt 0:00:02]} 31. Rxa2 {[%emt 0:00:11]} axb6 {[%emt 0:00:02]} 32. Kf3 {[%emt 0:00:00]} g6 {[%emt 0:00:11]} 33. Ke3 {[%emt 0:00:10]} Kg7 {[%emt 0:00:02]} 34. Rb2 {[%emt 0:00:17]} b5 {[%emt 0:00:03]} 35. d4 {[%emt 0:00:33]} Rd5 {[%emt 0:00:24]} 36. f4 {[%emt 0:00:06]} g5 {[%emt 0:00:15]} 37. fxg5 {[%emt 0:00:21]} hxg5 {[%emt 0:00:05]} 38. g4 {[%emt 0:00:05]} Kf6 {[%emt 0:00:03]} 39. Ke4 {[%emt 0:00:03]} Kg6 {[%emt 0:00:10]} 40. Rb3 {[%emt 0:00:07]} f5+ {[%emt 0:00:30]} 41. gxf5+ {[%emt 0:00:04]} Rxf5 {[%emt 0:00:02]} 42. Rb2 {[%emt 0:00:25]} Kf6 {[%emt 0:00:04]} 43. h3 {[%emt 0:00:25]} Rf4+ {[%emt 0:00:12]} 44. Ke3 {[%emt 0:00:04]} Rf5 {[%emt 0:00:40]} 45. Ke4 1/2-1/2

[Event "RUS-chT Rapid Men 2018"]
[Site "Sochi"]
[Date "2018.10.08"]
[Round "4"]
[White "Grigoriants, Boris"]
[Black "Chos, Alexey"]
[Result "0-1"]
[WhiteElo "1914"]
[BlackElo "2296"]
[Annotator "NA"]
[PlyCount "90"]
[EventDate "2018.10.05"]
[EventType "swiss"]
[EventCountry "RUS"]
[SourceTitle "playchess.com"]
[Source "ChessBase"]
[SourceQuality "1"]
[TimeControl "900+10"]

1. e4 {[%emt 0:00:00]} c5 {[%emt 0:00:00]} 2. Nf3 {[%emt 0:00:00]} d6 {[%emt 0:00:00]} 3. d4 {[%emt 0:00:00]} cxd4 {[%emt 0:00:00]} 4. Qxd4 {[%emt 0:00:00]} Bd7 {[%emt 0:00:00]} 5. c4 {[%emt 0:00:32]} Nc6 {[%emt 0:00:02]} 6. Qd2 {[%emt 0:00:01]} Nf6 {[%emt 0:00:02]} 7. Nc3 {[%emt 0:00:08]} e6 {[%emt 0:00:05]} 8. g3 {[%emt 0:00:27]} Be7 {[%emt 0:00:09]} 9. Bg2 {[%emt 0:00:01]} Rc8 {[%emt 0:00:02]} 10. b3 {[%emt 0:00:09]} a6 {[%emt 0:00:02]} 11. O-O {[%emt 0:00:02]} O-O {[%emt 0:00:03]} 12. Bb2 {[%emt 0:00:11]} Qc7 {[%emt 0:00:16]} 13. Rfe1 {[%emt 0:00:52]} Rfd8 {[%emt 0:00:05]} 14. Rad1 {[%emt 0:00:16]} Be8 {[%emt 0:00:04]} 15. Nd4 {[%emt 0:01:01]} Ne5 {[%emt 0:00:24]} 16. f4 {[%emt 0:00:23]} Nc6 {[%emt 0:00:02]} 17. h3 {[%emt 0:00:59]} Nxd4 {[%emt 0:00:03]} 18. Qxd4 {[%emt 0:00:07]} d5 {[%emt 0:00:02]} 19. Kh2 {[%emt 0:02:07]} dxc4 {[%emt 0:00:13]} 20. Qxc4 {[%emt 0:00:38]} Qxc4 {[%emt 0:00:38]} 21. bxc4 {[%emt 0:00:01]} Rxc4 {[%emt 0:00:03]} 22. Rxd8 {[%emt 0:00:46]} Bxd8 {[%emt 0:00:01]} 23. e5 {[%emt 0:00:36]} Nd5 {[%emt 0:00:08]} 24. Rd1 {[%emt 0:01:51]} Be7 {[%emt 0:00:58]} 25. Nxd5 {[%emt 0:01:43]} exd5 {[%emt 0:00:03]} 26. Rd2 {[%emt 0:00:51]} Bc6 {[%emt 0:00:09]} 27. f5 {[%emt 0:01:05]} Bb4 {[%emt 0:00:08]} 28. Re2 {[%emt 0:00:16]} d4 {[%emt 0:00:42]} 29. Bf1 {[%emt 0:00:42]} d3 {[%emt 0:00:22]} 30. Rf2 {[%emt 0:00:21]} Rc2 {[%emt 0:00:17]} 31. Rxc2 {[%emt 0:00:11]} dxc2 {[%emt 0:00:06]} 32. Bd3 {[%emt 0:00:00]} Bc3 {[%emt 0:00:06]} 33. Bc1 {[%emt 0:00:04]} Bd5 {[%emt 0:00:17]} 34. Bxc2 {[%emt 0:00:08]} Bxe5 {[%emt 0:00:12]} 35. a4 {[%emt 0:00:13]} b5 {[%emt 0:00:01]} 36. a5 {[%emt 0:00:56]} Bc3 {[%emt 0:00:03]} 37. Kg1 {[%emt 0:00:15]} Bxa5 {[%emt 0:00:02]} 38. Kf2 {[%emt 0:00:01]} Bb6+ {[%emt 0:00:04]} 39. Ke2 {[%emt 0:00:06]} a5 {[%emt 0:00:06]} 40. Bd3 {[%emt 0:00:14]} b4 {[%emt 0:00:02]} 41. Bb5 {[%emt 0:00:01]} Bb3 {[%emt 0:00:09]} 42. Kd3 {[%emt 0:00:24]} a4 {[%emt 0:00:50]} 43. Bb2 {[%emt 0:00:41]} Bd8 {[%emt 0:00:23]} 44. Bc4 {[%emt 0:00:14]} Bxc4+ {[%emt 0:00:08]} 45. Kxc4 {[%emt 0:00:01]} a3 {[%emt 0:00:02]} 0-1

[Event "RUS-chT Rapid Men 2018"]
[Site "Sochi"]
[Date "2018.10.08"]
[Round "4"]
[White "Babayan, Arman S."]
[Black "Linker, Mikhail"]
[Result "0-1"]
[WhiteElo "1673"]
[BlackElo "2269"]
[Annotator "TA"]
[PlyCount "224"]
[EventDate "2018.10.05"]
[EventType "swiss"]
[EventCountry "RUS"]
[SourceTitle "playchess.com"]
[Source "ChessBase"]
[SourceQuality "1"]

{[%evp 18,224,7,-23,0,0,0,-17,-17,-55,-48,-48,-48,-50,-47,-35,-31,-33,-25,-35,-32,-26,-24,-64,-29,-108,-108,-116,-108,-111,-114,-121,-114,-116,-119,-133,-93,-97,-99,-115,0,0,0,0,0,0,0,0,0,0,0,0,0,0,0,0,0,0,0,0,0,-4,0,-4,0,0,0,-11,0,-11,0,0,0,0,0,0,0,0,0,0,0,0,0,0,0,-8,-8,-8,-8,-8,0,-8,0,-8,-8,-8,-8,-8,-8,-8,0,-8,0,-1016,0,-29981,-12845,-12846,-12844,-12850,-12847,-12849,-12847,-12849,-29938,-12849,-29937,-29941,-29940,-29940,-29940,-29947,-29948,-29949,-29949,-29946,-29951,-29960,-29966,-29958,-29969,-29963,-29970,-29972,-29973,-29973,-29970,-29973,-29974,-29974,-29974,-29968,-29964,-29961,-29954,-29961,-29962,-29949,-29948,-29981,-165,-165,0,-165,-152,-165,0,-165,0,-165,-165,-165,-165,-165,0,-165,-165,-165,-165,-165,-165,-165,-165,-165,-165,-165,-24,-18,-18,-19,-19,-20,-19,-19,-19,-19,-19,-19,-19,-18,-18,-18,-18,-91,-96,-92,-100,-100,-80,-29952,-5135,-29995,-29996,-29996,-29997,-29997,-29998,-29998,-29999]} 1. c4 Nf6 2. Nc3 c5 3. Nf3 e6 4. e3 Be7 5. Be2 O-O 6. O-O b6 7. b3 Bb7 8. Bb2 d5 9. d4 cxd4 10. exd4 Nbd7 {A13: English Opening: 1...e6} (10... Nc6 11. Rc1 Rc8 12. Nb1 Ne4 13. a3 Bf6 14. Bd3 Na5 15. Re1 Nd6 16. Nbd2 Nf5 17. Ne5 {½-½ (17) Edouard,R (2686)-Ghaem Maghami,E (2572) Basel 2013}) 11. Rc1 Rc8 12. cxd5 $146 ({Predecessor:} 12. Re1 Re8 13. Bf1 dxc4 14. bxc4 Nf8 15. Ne5 Ng6 16. Qb3 Qc7 17. Nb5 Qb8 18. d5 {0-1 (31) Lubbe,N (2461)-Coenen,M (2294) Goch 2014}) 12... Nxd5 {The position is equal.} 13. Qd2 N7f6 14. Nxd5 Qxd5 15. Rxc8 Rxc8 16. Rc1 Rd8 17. Rc7 {Bc4 is the strong threat.} Rd7 18. Qc2 Bd6 19. Rxd7 Nxd7 20. Bf1 h6 21. Ne5 (21. Qe2 $11) 21... Nxe5 $17 22. dxe5 Bxe5 23. Bxe5 Qxe5 24. Qd3 Qd5 25. Qg3 e5 26. h3 b5 27. Qe3 a6 28. a4 Kh7 (28... bxa4 $17 29. bxa4 a5) 29. axb5 $11 axb5 30. Qd3+ e4 31. Qxb5 Qxb5 32. Bxb5 {[%mdl 4096] Endgame KB-KB} Kg6 33. g3 Kf5 34. Kf1 Ke5 35. Ke2 Kd4 36. Bc4 f6 37. Kd2 Bc8 38. h4 g5 39. Bf7 Ba6 40. Bg8 Bf1 41. Be6 Bb5 42. Bg8 Bd7 43. Bf7 f5 44. hxg5 hxg5 45. Bg8 Bb5 46. Bh7 f4 47. gxf4 gxf4 48. Bg8 Bd3 49. Bf7 Bb1 50. Bg8 Bd3 51. Bf7 Ba6 52. Bg8 Ke5 53. Bf7 Kf6 54. Bg8 Kg5 55. Bh7 Bb7 56. Bg8 Kg4 57. Bf7 Kf3 58. Ke1 Kg2 59. Ke2 Kg1 {With the idea ...e3!} (59... e3 $5 60. fxe3 f3+ 61. Kd2 Be4 $11) 60. Be6 $2 {[%mdl 8192] [#]} (60. Bc4 $11) 60... Ba6+ $2 (60... e3 $1 $19 {[%cal Re3f2][%mdl 512]} 61. f3 (61. fxe3 f3+) 61... Kg2) 61. Ke1 $2 {[%mdl 8192]} (61. Bc4 $11 Bb7 62. b4) 61... e3 (61... f3 $142 62. Kd1 Kxf2 63. Bg4 e3 64. Kc2 e2 65. Bh3 e1=Q 66. Bf5 Kg3 67. b4 f2 68. Bd3 Bxd3+ 69. Kxd3 f1=Q+ 70. Kd4 Qxb4+ 71. Kd5 Qf7+ 72. Ke5 Qbf4#) 62. f3 $19 Bb7 63. Bg4 Kg2 64. Ke2 Ba6+ 65. Ke1 Bb5 (65... Kg3 $19 66. Bh5 Bb7) 66. Bh5 Kg3 (66... Bc6 $19 67. Ke2 Kg3) 67. Bg4 Kh4 68. Kd1 Kg5 69. Ke1 Kf6 70. Kd1 Ke5 71. Ke1 Kd4 72. Bh5 Kc3 73. Bf7 Bd3 74. Be6 Bc2 75. Bg4 Bxb3 76. Bh5 Bc4 77. Bg4 Kd4 78. Bh5 Be6 79. Ke2 Bf5 80. Ke1 Kd3 81. Kd1 e2+ 82. Ke1 Ke3 83. Bg6 {[#]} Bd3 $2 (83... Bg4 $1 {[%mdl 512] mates} 84. Bf5 (84. fxg4 f3) 84... Kxf3 85. Bd3 Kg3 86. Ba6 f3 87. Kd2 Kf2 88. Bd3 e1=Q+ 89. Kc2 Ke3 90. Bc4 Qb4 91. Bd3 f2 92. Kc1 Qd2+ 93. Kb1 Kxd3 94. Ka1 f1=Q#) 84. Bf5 Bb5 $2 ({Weaker is} 84... Kxf3 85. Bxd3 Kg4 86. Kxe2 $11) (84... Bc4 $19 85. Be6 Bb5) 85. Be4 $2 (85. Bd7 $1 $11) 85... Bd7 86. Bf5 Bb5 ({Inferior is} 86... Kxf3 87. Bxd7 Kg3 88. Kxe2 $11) 87. Be4 Bd3 88. Bf5 $1 Kd4 ({Stronger than} 88... Kxf3 89. Bxd3 Kg4 90. Kxe2 $11) 89. Be6 Ke5 90. Bg4 Kd4 $2 (90... Bc4 $19 {And now ...Kd4 would win.} 91. Bc8 Kd4) 91. Kd2 $2 (91. Be6 $1 $11 {and White is okay.}) 91... Ba6 92. Bf5 Ke5 93. Be4 Kf6 94. Ke1 Kg5 95. Bd5 Kh4 96. Kf2 Kh3 ({Black should try} 96... Bd3 $19 {Threatens to win with ...Bb5.} 97. Bb7 Kg5) 97. Be6+ $11 Kh2 98. Bd5 Bd3 {aiming for ...Kh3.} 99. Be6 Bb5 100. Bf5 Bc4 101. Bg4 {[#]} e1=Q+ $1 {[%mdl 512]} 102. Kxe1 Kg3 103. Bh5 $1 Be6 104. Kf1 Bh3+ 105. Kg1 (105. Ke1 $11) 105... Bg2 $17 106. Bf7 Bxf3 107. Bc4 Bg4 108. Bb5 $2 {[%mdl 8192] [#]} (108. Bd5 $17) 108... f3 $1 {[%cal Bf4f3,Bf3f2][%mdl 32] ( -> ...Bh3)} 109. Bc4 Bh3 {Black mates.} 110. Bf1 f2+ 111. Kh1 Bc8 112. Bg2 {[#]} Bb7 $1 {[%mdl 512] Precision: White = 52%, Black = 58%.} 0-1